|
|
|
|
| LEADER |
00000nab a2200000 a 4500 |
| 001 |
vtls009969043 |
| 003 |
SK-MaSNL |
| 005 |
20260304001312.0 |
| 008 |
091111c2003 xo r m 000 00slo |
| 015 |
|
|
|a SNBRA2009/11SVKPO
|
| 038 |
|
|
|a SVKPO
|
| 040 |
|
|
|a SVKPOCL
|c slo
|e AACR2
|
| 041 |
0 |
|
|a slo
|
| 044 |
|
|
|a xo
|c SK
|
| 080 |
|
|
|a 82.0
|2 2001
|
| 080 |
|
|
|a 801.73
|2 2001
|
| 080 |
|
|
|a 801.82
|2 2001
|
| 100 |
1 |
|
|a Briškár, Juraj,
|d 1964-
|4 aut
|9 9908
|
| 245 |
1 |
0 |
|a O porozumení umeleckého textu
|c Juraj Briškár
|
| 504 |
|
|
|a Bibliogr. odkazy
|
| 546 |
|
|
|a Res. angl.
|
| 650 |
0 |
7 |
|a umelecké texty
|2 svkpocl
|9 979374
|
| 650 |
0 |
7 |
|a interpretácia umeleckého textu
|2 svkpocl
|9 19225
|
| 650 |
0 |
7 |
|a interpretácia a prijatie literárneho diela
|2 svkpocl
|9 87159
|
| 773 |
0 |
|
|t Komunikácia a text : zborník materiálov z vedeckej konferencie s medzinárodnou účasťou organizovanej pri príležitosti životného jubilea doc. PhDr. Františka Ruščáka, CSc., v dňoch 15.-16. novembra 2001 v Prešove / ed. Zuzana Stanislavová
|d Prešov : Náuka, 2003
|g S. 97-101
|z 8089038212
|
| 852 |
|
|
|a SVKPO
|b KIS3GCP
|
| 958 |
|
|
|a SK
|
| 958 |
|
|
|a NB
|
| 958 |
|
|
|a LX
|
| 999 |
|
|
|c 2535978
|d 2537908
|